|
|
|
|
| LEADER |
00000nam0a2200000 4500 |
| 001 |
316085 |
| 005 |
20231102002835.0 |
| 010 |
|
|
|a 9785922116046
|
| 035 |
|
|
|a (RuTPU)RU\TPU\book\341522
|
| 090 |
|
|
|a 316085
|
| 100 |
|
|
|a 20160315d2014 k y0rusy50 ca
|
| 101 |
0 |
|
|a rus
|
| 102 |
|
|
|a RU
|
| 105 |
|
|
|a a z 001zy
|
| 200 |
1 |
|
|a Точечные поля и групповые объекты
|f под ред. Я. А. Фурмана
|
| 210 |
|
|
|a Москва
|c Физматлит
|d 2014
|
| 215 |
|
|
|a 440 с.
|c ил.
|
| 320 |
|
|
|a Библиогр.: с. 420-435.
|
| 320 |
|
|
|a Предметный указатель: с. 436-440.
|
| 330 |
|
|
|a Изложены основы обработки изображений, представленных плоскими и пространственно расположенными точечными структурами в виде полей и локализованных групп. Описаны математические модели подобных структур, исследованы их свойства в условиях шума и априорной неопределенности неинформативных параметров. Рассмотрено решение задач, связанных с упорядочением и сегментацией точечных полей и групповых точечных объектов. Приведены алгоритмы распознавания зашумленных групповых точечных объектов и объектов, заданных точечными полями. Для научных работников и специалистов в области обработки изображений и распознавания образов, радиолокации и навигации, а также студентов старших курсов и аспирантов соответствующих специальностей.
|
| 606 |
1 |
|
|a Изображения
|x Обработка на компьютере
|2 stltpush
|3 (RuTPU)RU\TPU\subj\71252
|9 85231
|
| 610 |
1 |
|
|a техническое зрение
|
| 610 |
1 |
|
|a точечные объекты
|
| 610 |
1 |
|
|a распознавание образов
|
| 610 |
1 |
|
|a точечные изображения
|
| 610 |
1 |
|
|a представление
|
| 610 |
1 |
|
|a математический аппарат
|
| 610 |
1 |
|
|a векторные сигналы
|
| 610 |
1 |
|
|a групповые точечные объекты
|
| 610 |
1 |
|
|a точки
|
| 610 |
1 |
|
|a упорядочение
|
| 610 |
1 |
|
|a амплитудно-фазовые модели
|
| 610 |
1 |
|
|a параметры
|
| 610 |
1 |
|
|a оценка
|
| 610 |
1 |
|
|a трехмерные объекты
|
| 610 |
1 |
|
|a поверхности
|
| 610 |
1 |
|
|a преобразование Хафа
|
| 675 |
|
|
|a 004.932
|v 4
|
| 702 |
|
1 |
|a Фурман
|b Я. А.
|4 340
|
| 801 |
|
1 |
|a RU
|b 63413507
|c 20160315
|
| 801 |
|
2 |
|a RU
|b 63413507
|c 20160318
|g RCR
|
| 942 |
|
|
|c BK
|